<?xml version="1.0" encoding="UTF-8"?>
<collection xmlns="http://www.loc.gov/MARC21/slim">
 <record>
  <leader>01474nam a2200205Ia 4500</leader>
  <controlfield tag="001">TDMU_29962</controlfield>
  <controlfield tag="008">210410s9999    xx            000 0 und d</controlfield>
  <datafield tag="082" ind1=" " ind2=" ">
   <subfield code="a">327.9540597</subfield>
  </datafield>
  <datafield tag="090" ind1=" " ind2=" ">
   <subfield code="b">V400</subfield>
  </datafield>
  <datafield tag="100" ind1=" " ind2=" ">
   <subfield code="a">Võ, Thị Linh Giang</subfield>
  </datafield>
  <datafield tag="245" ind1=" " ind2="0">
   <subfield code="a">Đánh giá sự hài lòng của khách hàng cá nhân khi sử dụng dịch vụ MYTV của tập đoàn Bưu chính Viễn thông Việt Nam tại thị trường tỉnh Bình Dương</subfield>
  </datafield>
  <datafield tag="245" ind1=" " ind2="0">
   <subfield code="c">Võ Thị Linh Giang; Đỗ Thị Ý Nhi (h.dẫn)</subfield>
  </datafield>
  <datafield tag="260" ind1=" " ind2=" ">
   <subfield code="a">Bình Dương</subfield>
  </datafield>
  <datafield tag="260" ind1=" " ind2=" ">
   <subfield code="c">2017</subfield>
  </datafield>
  <datafield tag="300" ind1=" " ind2=" ">
   <subfield code="a">67 tr. +Phụ lục</subfield>
  </datafield>
  <datafield tag="520" ind1=" " ind2=" ">
   <subfield code="a">TM tài liệu tham khảo tr. 66 - 67; Khóa luận tốt nghiệp Đại học trường Đại học Thủ Dầu Một, 2013 - 2017; Khóa luận gồm: Giới thiệu đề tài nghiên cứu; cơ sở lý luận; giới thiệu tổng quan về Trung tâm kinh doanh VNPT Bình Dương; kết quả nghiên cứu; nhận định kết quả nghiên cứu và giải pháp; Chuyên ngành: Quản trị kinh doanh; Không đồng ý cho sao chép tài liệu</subfield>
  </datafield>
  <datafield tag="650" ind1=" " ind2=" ">
   <subfield code="a">Khóa luận; Quản trị kinh doanh</subfield>
   <subfield code="x">Chất lượng dịch vụ</subfield>
   <subfield code="x">Khách hàng</subfield>
   <subfield code="x">Sự hài lòng</subfield>
  </datafield>
  <datafield tag="700" ind1=" " ind2=" ">
   <subfield code="a">Đỗ, Thị Ý Nhi</subfield>
  </datafield>
  <datafield tag="856" ind1=" " ind2=" ">
   <subfield code="u">http://lrc.tdmu.edu.vn/opac/search/detail.asp?aID=2&amp;ID=29962</subfield>
  </datafield>
  <datafield tag="980" ind1=" " ind2=" ">
   <subfield code="a">Trung tâm Học liệu Trường Đại học Thủ Dầu Một</subfield>
  </datafield>
 </record>
</collection>
